Library Logo

Pioneer International University Library Catalogue

Life-span development / (Record no. 5540)

MARC details
000 -LEADER
fixed length control field 00594cam a2200193 a 4500
005 - DATE AND TIME OF LATEST TRANSACTION
control field 20250901165535.0
008 - FIXED-LENGTH DATA ELEMENTS--GENERAL INFORMATION
fixed length control field 910617s1991 iaua 000 0 eng
010 ## - LIBRARY OF CONGRESS CONTROL NUMBER
LC control number 91073295
020 ## - INTERNATIONAL STANDARD BOOK NUMBER
International Standard Book Number 0697105172 (pbk.)
020 ## - INTERNATIONAL STANDARD BOOK NUMBER
International Standard Book Number 0697118940 (cloth)
050 00 - LIBRARY OF CONGRESS CALL NUMBER
Classification number BF713 .S26 1992
Item number .S26 1992
082 00 - DEWEY DECIMAL CLASSIFICATION NUMBER
Classification number 155
Edition information 20
100 1# - MAIN ENTRY--PERSONAL NAME
Personal name Santrock, John W.
245 10 - TITLE STATEMENT
Title Life-span development /
Statement of responsibility, etc. John W. Santrock.
250 ## - EDITION STATEMENT
Edition statement 4th ed.
260 ## - PUBLICATION, DISTRIBUTION, ETC.
Place of publication, distribution, etc. Dubuque, IA :
Name of publisher, distributor, etc. Wm. C. Brown Publishers,
Date of publication, distribution, etc. c1992.
300 ## - PHYSICAL DESCRIPTION
Extent 1 v. (various pagings) :
Other physical details ill. ;
Dimensions 28 cm.
942 ## - ADDED ENTRY ELEMENTS (KOHA)
Source of classification or shelving scheme Library of Congress Classification
Classification part BF713 .S26 1992
Holdings
Withdrawn status Lost status Source of classification or shelving scheme Damaged status Not for loan Home library Current library Shelving location Date acquired Total checkouts Full call number Barcode Date last seen Price effective from Koha item type
    Library of Congress Classification     Main Library Main Library   06/07/2021   BF713 .S26 1992 PIU0004843 06/07/2021 06/07/2021 Books